000 00787cam a2200253 a 4500
001 000005285
005 20200929151630.0
008 891205s1987 sp 001 f spa
020 _a8437604222
040 _aDO-SdBNP
_bspa
_cBNPHU
082 _aPa863.44
_bR628y, 1987
100 1 _aRoa Bastos, Augusto,
_d1917-2005
_915047
245 1 0 _aYo el supremo /
_cAugusto Roa Bastos ; edición de Milagros Ezquerro.
250 _a2a ed.
260 _aMadrid :
_bCátedra,
_c1987.
300 _a612 p. ;
_c18 cm.
490 1 _aLetras hispánicas
_v181
650 4 _aNovela paraguaya
_915048
650 4 _aLiteratura paraguaya
_ySIGLO XXI
_915049
700 1 _aEzquerro, Milagros,
_eed.
_915050
830 0 _aLetras hispánicas ;
_v181
_94208
910 _aCatalogación derivada
910 _aWM
999 _c5086
_d5086